00330nam a2200121Ia 4500008004100000041001200041082001600053100001600069245007000085260003800155300000800193650000700201221030s9999 xx 000 0 und d aEnglish a105.23bGup aJ. B. Gupta 0aUtilizaiton of Electric Power & Electric Tractioncby J. B. Gupta bS. K. Kataria & SonsaDelhic2000 a534 aEE